000 00461nam a2200217Ia 4500
003 0100
008 130303s9999 xx 000 0 und d
040 _cARRUPELIB
050 _aBL1930.W4
100 _aWelch, Holmes
245 _aTaoism
245 _bthe parting of the way
250 _aRev. ed.
260 _aBoston
260 _bBeacon Press
260 _C1965
300 _a194p.
300 _b 23 cm
650 _bEthics
942 _2lcc
_02
999 _c63594
_d63594